| 000 | 01077nam a22003377a 4500 | ||
|---|---|---|---|
| 001 | 0070516 | ||
| 003 | KOHA_MİRAKIL | ||
| 005 | 20260207004928.0 | ||
| 007 | ta | ||
| 008 | 240129b2022 tu |||grt|||#0|||0|tur | | ||
| 020 | _a9786057277039 | ||
| 040 |
_aTR-BiSEU _btur _cTR-BiSEU _erda |
||
| 041 | 0 | _atur | |
| 044 | _ctu | ||
| 050 |
_aHV7076.7 _b.A83 2022 |
||
| 245 | 1 |
_aAsayiş suçlarıyla mücadele çalıştayı/ _cderleyenler Coşkun Taştan, Fatih Sevgen. |
|
| 246 | _aAsayiş suçlarıyla mücadele çalıştayı(Ankara : 2022) | ||
| 264 | 1 |
_aAnkara : _bPolis Akademisi Yayınları _c2022 |
|
| 300 | _a71 sayfa; 24 cm. | ||
| 336 |
_ametin _btxt _2rdacontent |
||
| 337 |
_aaracısız _bn _2rdamedia |
||
| 338 |
_acilt _bnc _2rdacarrier |
||
| 490 | 1 |
_aPolis Akademis Yayınları ; _v160. |
|
| 490 | 1 |
_aRapor No ; _v72 |
|
| 650 | 0 |
_aAsayiş olayları--Türkiye. _9137710 |
|
| 650 | 0 |
_aPublic order incidents--Türkiye. _9137711 |
|
| 830 | 1 |
_aPolis Akademis Yayınları ; _v160. _9137712 |
|
| 830 | 1 |
_aRapor No ; _v72 _9137713 |
|
| 907 | _aRapor | ||
| 942 |
_2lcc _cBK |
||
| 999 |
_c71264 _d71264 |
||